An Integrated Course In Electrical Engineering / (Record no. 2933)
[ view plain ]
| 000 -LEADER | |
|---|---|
| fixed length control field | 00687nac a22001811u 4500 |
| 082 ## - DEWEY DECIMAL CLASSIFICATION NUMBER | |
| Classification number | 621.3076 |
| Item number | G9592 |
| 090 ## - LOCALLY ASSIGNED LC-TYPE CALL NUMBER (OCLC); LOCAL CALL NUMBER (OCLC) | |
| -- | 2933 |
| -- | 2933 |
| 100 ## - MAIN ENTRY--PERSONAL NAME | |
| Personal name | Gupta ,J.B. |
| 245 ## - TITLE STATEMENT | |
| Title | An Integrated Course In Electrical Engineering / |
| Remainder of title | J.B.Gupta. |
| 260 ## - PUBLICATION, DISTRIBUTION, ETC. (IMPRINT) | |
| Place of publication, distribution, etc | Delhi:[2000]. |
| Name of publisher, distributor, etc | S.K.Kataria and sons, |
| Date of publication, distribution, etc | c.[2000]. |
| 300 ## - PHYSICAL DESCRIPTION | |
| Extent | p: |
| Other physical details | 25cm. |
| 504 ## - BIBLIOGRAPHY, ETC. NOTE | |
| Bibliography, etc | Includes Index. |
| 650 ## - SUBJECT ADDED ENTRY--TOPICAL TERM | |
| Topical term or geographic name as entry element | Electric engineering. |
| 650 ## - SUBJECT ADDED ENTRY--TOPICAL TERM | |
| Topical term or geographic name as entry element | Electric engineering--Problems, exercises, etc. |
| 700 ## - ADDED ENTRY--PERSONAL NAME | |
| Personal name | Gupta ,J.B. |
| 942 ## - ADDED ENTRY ELEMENTS (KOHA) | |
| Item type | Book - Borrowing |
| Call number prefix | 621.3076G9592 |
| Withdrawn status | Item status | Damaged status | Not for loan | Home library | Current library | Shelving location | Date acquired | Source of acquisition | Total Checkouts | Full call number | Barcode | Date last seen | Date last borrowed | Koha item type |
|---|---|---|---|---|---|---|---|---|---|---|---|---|---|---|
| Central Library | Central Library | First floor | 07/03/2012 | Purchase | 1 | 621.3076 GUP | 000001183 | 15/07/2025 | 09/04/2012 | Book - Borrowing |